[Event "Titled Tuesday 2020.09.22"]
[Site "chess.com INT"]
[Date "2020.09.22"]
[Round "5"]
[White "Pultinevicius, Paulius"]
[Black "Song, Michael"]
[Result "0-1"]
[WhiteElo "2510"]
[BlackElo "2421"]
[PlyCount "144"]
[GameId "2130307592979233"]
[EventDate "2020.09.22"]
[EventType "swiss (blitz)"]
[EventRounds "10"]
[EventCountry "NET"]
[SourceTitle "The Week in Chess 1351"]
[Source "Mark Crowther"]
[SourceDate "2020.09.28"]
[SourceVersion "1"]
[SourceVersionDate "2020.09.28"]
[SourceQuality "2"]

1. Nf3 Nf6 2. g3 g6 3. Bg2 Bg7 4. O-O O-O 5. d4 d5 6. c4 Nc6 7. cxd5 Nxd5 8. e4 Nb6 9. d5 Na5 10. Nc3 c6 11. dxc6 Qxd1 12. Rxd1 Nxc6 13. h3 Nc4 14. Bf1 Nd6 15. Re1 h6 16. Bf4 Be6 17. Rad1 Nc4 18. Nd5 Nxb2 19. Rb1 Bxd5 20. exd5 Nb4 21. Ne5 Bxe5 22. Rxe5 N2d3 23. Bxd3 Nxd3 24. Rxe7 Nxf4 25. gxf4 b6 26. d6 Kg7 27. d7 Kf6 28. Re3 Rfd8 29. Rd1 Rab8 30. Rd6+ Kg7 31. h4 Rb7 32. Red3 h5 33. Kg2 Kf8 34. R6d4 Ke7 35. Re4+ Kf8 36. Red4 b5 37. Rd5 a5 38. f5 gxf5 39. Kf3 a4 40. Kf4 b4 41. Kxf5 b3 42. axb3 axb3 43. Rd1 b2 44. Rb1 Rdxd7 45. Rxd7 Rxd7 46. Rxb2 Kg7 47. Rb5 Rd2 48. f4 Rg2 49. Rb3 Rg4 50. Rh3 f6 51. Rh1 Kf7 52. Rb1 Kg7 53. Rb7+ Kh6 54. Kxf6 Rxh4 55. f5 Rg4 56. Kf7 Rg7+ 57. Kf6 Rxb7 58. Ke6 h4 59. f6 h3 60. f7 Rxf7 61. Kxf7 h2 62. Kf6 h1=Q 63. Ke7 Qh5 64. Kf8 Qg6 65. Ke7 Kg5 66. Kf8 Qh7 67. Ke8 Kf6 68. Kd8 Ke6 69. Kc8 Kd6 70. Kd8 Kc6 71. Ke8 Qg7 72. Kd8 Qf8# 0-1

[Event "Titled Tuesday 2020.09.22"]
[Site "chess.com INT"]
[Date "2020.09.22"]
[Round "6"]
[White "Arabidze, Meri"]
[Black "Song, Michael"]
[Result "1-0"]
[WhiteElo "2437"]
[BlackElo "2421"]
[PlyCount "77"]
[GameId "2130307592979255"]
[EventDate "2020.09.22"]
[EventType "swiss (blitz)"]
[EventRounds "10"]
[EventCountry "NET"]
[SourceTitle "The Week in Chess 1351"]
[Source "Mark Crowther"]
[SourceDate "2020.09.28"]
[SourceVersion "1"]
[SourceVersionDate "2020.09.28"]
[SourceQuality "2"]

1. d4 Nf6 2. c4 c5 3. d5 e6 4. Nc3 exd5 5. cxd5 d6 6. e4 g6 7. Nge2 Bg7 8. Ng3 O-O 9. Be2 a6 10. a4 Nbd7 11. O-O Ne8 12. Be3 Nc7 13. Qd2 Rb8 14. a5 b5 15. axb6 Nb5 16. Nxb5 axb5 17. Bh6 Nxb6 18. Bxg7 Kxg7 19. f4 c4 20. Qd4+ Kg8 21. Bf3 Na4 22. Kh1 Nc5 23. Rad1 Nd3 24. Be2 Nc5 25. e5 Qc7 26. exd6 Qxd6 27. f5 Bb7 28. Bf3 Rfe8 29. fxg6 hxg6 30. Bg4 Re7 31. Rf6 Nb3 32. Qf2 Qe5 33. d6 Ree8 34. Rxf7 Rf8 35. Rf1 Bd5 36. Rxf8+ Rxf8 37. Qxf8+ Kh7 38. Qe7+ Qxe7 39. dxe7 1-0

[Event "Titled Tuesday 2020.09.22"]
[Site "chess.com INT"]
[Date "2020.09.22"]
[Round "7"]
[White "Song, Michael"]
[Black "Prithu, Gupta"]
[Result "1-0"]
[WhiteElo "2421"]
[BlackElo "2472"]
[PlyCount "123"]
[GameId "2130307592983446"]
[EventDate "2020.09.22"]
[EventType "swiss (blitz)"]
[EventRounds "10"]
[EventCountry "NET"]
[SourceTitle "The Week in Chess 1351"]
[Source "Mark Crowther"]
[SourceDate "2020.09.28"]
[SourceVersion "1"]
[SourceVersionDate "2020.09.28"]
[SourceQuality "2"]

1. d4 Nf6 2. c4 e6 3. Nc3 Bb4 4. e3 c5 5. Nge2 b6 6. a3 Ba5 7. Rb1 Na6 8. g3 Bb7 9. d5 b5 10. Bg2 bxc4 11. O-O Bxc3 12. Nxc3 Rb8 13. e4 d6 14. Qa4+ Qd7 15. Qxc4 Nc7 16. dxe6 fxe6 17. Rd1 Ba6 18. Qa4 Qxa4 19. Nxa4 Ke7 20. e5 dxe5 21. Nxc5 Bc4 22. Bd2 Rhc8 23. Bc3 Ncd5 24. Bxe5 Rb5 25. b4 a5 26. Rdc1 Ba2 27. Ra1 axb4 28. Rxa2 bxa3 29. Bd4 e5 30. Bxe5 Rbxc5 31. Rxc5 Rxc5 32. Rxa3 Rc1+ 33. Bf1 Ke6 34. Bd4 g6 35. Kg2 Ne4 36. Bd3 Nd6 37. Ra6 Rd1 38. Bc5 Rxd3 39. Rxd6+ Kf5 40. Ra6 h5 41. Ra5 g5 42. Be3 g4 43. Kf1 Kg6 44. Ke2 Nxe3 45. Kxd3 Nf1 46. Ke2 Nxh2 47. Rb5 Nf3 48. Rd5 Ng5 49. Ke3 Nh3 50. Rd6+ Kg5 51. Rd5+ Kg6 52. f4 gxf3 53. Kxf3 Ng5+ 54. Kf4 Nh3+ 55. Kf3 Ng5+ 56. Kg2 Ne6 57. Rd6 Kf5 58. Kh3 Ng5+ 59. Kh4 Ne4 60. Rd5+ Kg6 61. Rxh5 Nxg3 62. Rg5+ 1-0

[Event "Titled Tuesday 2020.09.22"]
[Site "chess.com INT"]
[Date "2020.09.22"]
[Round "9"]
[White "Erzhanov, Arman"]
[Black "Song, Michael"]
[Result "1/2-1/2"]
[WhiteElo "2229"]
[BlackElo "2421"]
[PlyCount "113"]
[GameId "2130307592987614"]
[EventDate "2020.09.22"]
[EventType "swiss (blitz)"]
[EventRounds "10"]
[EventCountry "NET"]
[SourceTitle "The Week in Chess 1351"]
[Source "Mark Crowther"]
[SourceDate "2020.09.28"]
[SourceVersion "1"]
[SourceVersionDate "2020.09.28"]
[SourceQuality "2"]

1. e4 e5 2. Nf3 Nc6 3. Bb5 Nf6 4. O-O Nxe4 5. Re1 Nd6 6. Nxe5 Be7 7. Bf1 Nf5 8. c3 Nxe5 9. Rxe5 d6 10. Re1 O-O 11. d4 d5 12. Nd2 c6 13. Nf3 Nd6 14. h3 Ne4 15. Bd3 f5 16. Ne5 Bd6 17. f3 Ng3 18. f4 Qh4 19. Be3 Ne4 20. Qf3 Be6 21. Kh2 Rae8 22. g3 Qh6 23. Rg1 Kh8 24. Raf1 Bc8 25. Bc1 c5 26. dxc5 Bxc5 27. Be3 Qb6 28. Bxc5 Qxc5 29. Re1 Be6 30. Qe3 Qxe3 31. Rxe3 Rd8 32. Rd1 d4 33. cxd4 Rxd4 34. Rde1 Bxa2 35. Bxe4 fxe4 36. Rxe4 Rxe4 37. Rxe4 g6 38. Ra4 Bd5 39. Rxa7 Rc8 40. g4 Rc2+ 41. Kg3 Rxb2 42. f5 gxf5 43. gxf5 Kg7 44. Ng4 Be4 45. f6+ Kg6 46. Kf4 Rb4 47. Ke5 Bf5 48. Ra8 Rb5+ 49. Kf4 Bxg4 50. hxg4 Kxf6 51. Rf8+ Kg7 52. Rd8 Kg6 53. Rd6+ Kf7 54. Rd7+ Kg6 55. Rd6+ Kg7 56. Rd7+ Kg6 57. Rd6+ 1/2-1/2

[Event "Titled Tuesday 2020.09.15"]
[Site "chess.com INT"]
[Date "2020.09.15"]
[Round "1"]
[White "Song, Michael"]
[Black "Myers, Dominique"]
[Result "1-0"]
[WhiteElo "2421"]
[BlackElo "1990"]
[PlyCount "132"]
[GameId "2130307593167050"]
[EventDate "2020.09.15"]
[EventType "swiss (blitz)"]
[EventRounds "10"]
[EventCountry "NET"]
[SourceTitle "The Week in Chess 1350"]
[Source "Mark Crowther"]
[SourceDate "2020.09.21"]
[SourceVersion "1"]
[SourceVersionDate "2020.09.21"]
[SourceQuality "2"]

1. d4 Nf6 2. c4 g6 3. Nc3 d5 4. Nf3 Bg7 5. h4 c5 6. dxc5 Qa5 7. cxd5 Nxd5 8. Qxd5 Bxc3+ 9. Bd2 Bxd2+ 10. Qxd2 Qxd2+ 11. Nxd2 Na6 12. Rc1 Be6 13. a3 Rc8 14. b4 O-O 15. e4 Nc7 16. Bc4 b6 17. c6 Bxc4 18. Nxc4 Nb5 19. a4 Nd4 20. b5 Rfd8 21. f3 Nb3 22. Rc3 Nc5 23. a5 bxa5 24. Nxa5 Rd3 25. Rxc5 Ra3 26. Nb7 Ra1+ 27. Ke2 Rxh1 28. Rd5 Rb1 29. Na5 Kg7 30. Nc4 a6 31. Nb6 Rc7 32. Na8 Rc8 33. c7 Rxb5 34. Rd8 Rxc7 35. Nxc7 Rb2+ 36. Kf1 a5 37. Ra8 Ra2 38. Nd5 e6 39. Nc3 Ra3 40. Rc8 Kf6 41. Rc4 Ke5 42. g3 f5 43. f4+ Kd6 44. e5+ Kd7 45. Kf2 a4 46. Ke3 Rb3 47. Kd3 a3 48. Ra4 Kc6 49. Kc2 Rb2+ 50. Kd3 Rg2 51. Rxa3 Rxg3+ 52. Kc4 Rg4 53. Ra6+ Kb7 54. Rxe6 Rxf4+ 55. Kc5 Rxh4 56. Nd5 Kc8 57. Re7 Kd8 58. Rf7 Re4 59. Kd6 Kc8 60. e6 g5 61. e7 g4 62. Rf8+ Kb7 63. e8=Q Rxe8 64. Rxe8 g3 65. Ke5 h5 66. Kf4 h4 1-0

[Event "Titled Tuesday 2020.09.15"]
[Site "chess.com INT"]
[Date "2020.09.15"]
[Round "2"]
[White "Song, Michael"]
[Black "Chigaev, Maksim"]
[Result "0-1"]
[WhiteElo "2421"]
[BlackElo "2588"]
[PlyCount "58"]
[GameId "2130307593167130"]
[EventDate "2020.09.15"]
[EventType "swiss (blitz)"]
[EventRounds "10"]
[EventCountry "NET"]
[SourceTitle "The Week in Chess 1350"]
[Source "Mark Crowther"]
[SourceDate "2020.09.21"]
[SourceVersion "1"]
[SourceVersionDate "2020.09.21"]
[SourceQuality "2"]

1. d4 Nf6 2. c4 g6 3. Nc3 Bg7 4. e4 d6 5. f3 O-O 6. Be3 a6 7. Qd2 Nbd7 8. Nh3 c6 9. Nf2 b5 10. Rc1 e5 11. d5 cxd5 12. Nxd5 Bb7 13. Nxf6+ Nxf6 14. Rd1 Nh5 15. a3 Nf4 16. cxb5 axb5 17. Nd3 d5 18. Nc5 Bc6 19. Bxf4 exf4 20. exd5 Re8+ 21. Be2 Qh4+ 22. Kf1 Rad8 23. d6 Bf8 24. d7 Bxc5 25. dxe8=Q+ Rxe8 26. Bd3 Re3 27. Qc2 Bxf3 28. gxf3 Rxf3+ 29. Kg2 Rf2+ 0-1

[Event "Titled Tuesday 2020.09.15"]
[Site "chess.com INT"]
[Date "2020.09.15"]
[Round "7"]
[White "Song, Michael"]
[Black "Suvorov, Luca"]
[Result "1-0"]
[WhiteElo "2421"]
[BlackElo "2279"]
[PlyCount "71"]
[GameId "2130307593183861"]
[EventDate "2020.09.15"]
[EventType "swiss (blitz)"]
[EventRounds "10"]
[EventCountry "NET"]
[SourceTitle "The Week in Chess 1350"]
[Source "Mark Crowther"]
[SourceDate "2020.09.21"]
[SourceVersion "1"]
[SourceVersionDate "2020.09.21"]
[SourceQuality "2"]

1. e4 e5 2. Nf3 Nc6 3. Bc4 Nf6 4. d3 Be7 5. O-O O-O 6. Nc3 d6 7. a3 Na5 8. Ba2 c5 9. Bg5 Nc6 10. Bxf6 Bxf6 11. Nd5 Be6 12. c3 g6 13. Ne1 Bg7 14. Nc2 f5 15. exf5 gxf5 16. f4 Qd7 17. Qh5 b5 18. Nce3 Ne7 19. Nxe7+ Qxe7 20. Nxf5 Qf7 21. Qxf7+ Bxf7 22. Bxf7+ Rxf7 23. Nxd6 Rd7 24. Ne4 Rxd3 25. f5 c4 26. f6 Bf8 27. Rae1 h6 28. Re2 Rad8 29. g4 a5 30. Kg2 b4 31. axb4 axb4 32. h4 b3 33. g5 hxg5 34. hxg5 Kf7 35. Nf2 Rd2 36. Rfe1 1-0

[Event "Titled Tuesday 2020.09.15"]
[Site "chess.com INT"]
[Date "2020.09.15"]
[Round "8"]
[White "Zemerov, Vladimir"]
[Black "Song, Michael"]
[Result "0-1"]
[WhiteElo "2268"]
[BlackElo "2421"]
[PlyCount "64"]
[GameId "2130307593188023"]
[EventDate "2020.09.15"]
[EventType "swiss (blitz)"]
[EventRounds "10"]
[EventCountry "NET"]
[SourceTitle "The Week in Chess 1350"]
[Source "Mark Crowther"]
[SourceDate "2020.09.21"]
[SourceVersion "1"]
[SourceVersionDate "2020.09.21"]
[SourceQuality "2"]

1. e4 e5 2. Nf3 Nc6 3. Bc4 Bc5 4. b4 Bxb4 5. c3 Ba5 6. O-O Nf6 7. d4 exd4 8. e5 d5 9. exf6 dxc4 10. Re1+ Be6 11. fxg7 Rg8 12. Bh6 Qd5 13. Ng5 O-O-O 14. Nxe6 fxe6 15. Qg4 dxc3 16. Na3 Kb8 17. Rad1 Nd4 18. Nc2 e5 19. Ne3 Qc6 20. Qh4 c2 21. Nxc2 Bxe1 22. Nxd4 exd4 23. Rxe1 c3 24. f4 d3 25. Bg5 d2 26. Bxd8 dxe1=Q+ 27. Qxe1 Rxd8 28. Qe7 Qd6 29. Qxd6 cxd6 30. f5 c2 31. f6 c1=Q+ 32. Kf2 Qf4+ 0-1

[Event "Titled Tuesday 2020.09.15"]
[Site "chess.com INT"]
[Date "2020.09.15"]
[Round "9"]
[White "Song, Michael"]
[Black "Cabarkapa, Novak"]
[Result "0-1"]
[WhiteElo "2421"]
[BlackElo "2453"]
[PlyCount "62"]
[GameId "2130307593188064"]
[EventDate "2020.09.15"]
[EventType "swiss (blitz)"]
[EventRounds "10"]
[EventCountry "NET"]
[SourceTitle "The Week in Chess 1350"]
[Source "Mark Crowther"]
[SourceDate "2020.09.21"]
[SourceVersion "1"]
[SourceVersionDate "2020.09.21"]
[SourceQuality "2"]

1. d4 Nf6 2. c4 g6 3. Nc3 Bg7 4. e4 O-O 5. f3 d6 6. Be3 a6 7. Qd2 Nc6 8. Nge2 Bd7 9. g4 b5 10. h4 h5 11. Ng3 e5 12. d5 Nd4 13. Kf2 Bxg4 14. fxg4 Nxg4+ 15. Kg2 Nc2 16. Bg5 f6 17. Be2 Nxa1 18. Bxg4 hxg4 19. Bh6 Nc2 20. Bxg7 Kxg7 21. Qxc2 bxc4 22. h5 Rh8 23. Nd1 Qe8 24. hxg6 Rxh1 25. Nf5+ Kxg6 26. Kxh1 Qh8+ 27. Qh2 Kg5 28. Nde3 Qxh2+ 29. Kxh2 Kf4 30. Nxc4 Kf3 31. Nd2+ Kf2 0-1

[Event "Washington op"]
[Site "Rockville USA"]
[Date "2017.08.12"]
[Round "2.3"]
[White "Gordievsky, Dmitry"]
[Black "Song, Michael"]
[Result "1-0"]
[WhiteElo "2613"]
[BlackElo "2419"]
[PlyCount "41"]
[GameId "2130307629494643"]
[EventDate "2017.08.12"]
[EventType "swiss"]
[EventRounds "9"]
[EventCountry "USA"]
[SourceTitle "10 Days #517"]
[Source "Chess Mix"]
[SourceDate "2017.09.01"]
[SourceVersion "1"]
[SourceVersionDate "2017.09.01"]
[SourceQuality "1"]

1. Nf3 c5 2. e4 e6 3. d4 cxd4 4. Nxd4 Nc6 5. Nc3 Qc7 6. g3 a6 7. Bg2 Nf6 8. O-O h5 9. Nb3 h4 10. Bf4 Ne5 11. Re1 d6 12. a4 hxg3 13. hxg3 b6 14. Nd4 Bb7 15. Qe2 Nfd7 16. Bg5 g6 17. Rad1 Bg7 18. Ndb5 axb5 19. Nxb5 Qb8 20. Nxd6+ Kf8 21. f4 1-0

[Event "Washington op"]
[Site "Rockville USA"]
[Date "2017.08.14"]
[Round "5.7"]
[White "Song, Michael"]
[Black "Nyzhnyk, Illya"]
[Result "1/2-1/2"]
[WhiteElo "2419"]
[BlackElo "2621"]
[PlyCount "57"]
[GameId "2130307629494671"]
[EventDate "2017.08.12"]
[EventType "swiss"]
[EventRounds "9"]
[EventCountry "USA"]
[SourceTitle "10 Days #517"]
[Source "Chess Mix"]
[SourceDate "2017.09.01"]
[SourceVersion "1"]
[SourceVersionDate "2017.09.01"]
[SourceQuality "1"]

1. e4 c5 2. c3 Nf6 3. e5 Nd5 4. d4 cxd4 5. Nf3 Nc6 6. cxd4 d6 7. Bc4 dxe5 8. Nxe5 e6 9. O-O Be7 10. Re1 O-O 11. Bxd5 Qxd5 12. Nc3 Qa5 13. Nxc6 bxc6 14. Be3 Rd8 15. Rc1 Rb8 16. Qa4 Bb4 17. Qxa5 Bxa5 18. b3 Ba6 19. Red1 e5 20. h3 Bxc3 21. Rxc3 Rd6 22. Rdc1 exd4 23. Bf4 dxc3 24. Bxd6 Rd8 25. Be5 Rd2 26. Rxc3 f6 27. Rxc6 Rxa2 28. Bd4 Bb7 29. Rc7 1/2-1/2

[Event "Washington op"]
[Site "Rockville USA"]
[Date "2017.08.15"]
[Round "7.6"]
[White "Song, Michael"]
[Black "Sevian, Samuel"]
[Result "1/2-1/2"]
[WhiteElo "2419"]
[BlackElo "2620"]
[PlyCount "75"]
[GameId "2130307629494686"]
[EventDate "2017.08.12"]
[EventType "swiss"]
[EventRounds "9"]
[EventCountry "USA"]
[SourceTitle "10 Days #517"]
[Source "Chess Mix"]
[SourceDate "2017.09.01"]
[SourceVersion "1"]
[SourceVersionDate "2017.09.01"]
[SourceQuality "1"]

1. d4 Nf6 2. c4 e6 3. Nc3 Bb4 4. e3 O-O 5. Bd3 c5 6. Nf3 d5 7. O-O dxc4 8. Bxc4 Nbd7 9. a3 Bxc3 10. bxc3 b6 11. Bd3 Bb7 12. Re1 Ne4 13. Bb2 Rc8 14. c4 f5 15. Rc1 Qf6 16. Nd2 Qh4 17. Qe2 Nxd2 18. Qxd2 Rf6 19. d5 Rh6 20. h3 Rg6 21. Kf1 Nf6 22. Bxf6 Rxf6 23. e4 Qh6 24. Qxh6 Rxh6 25. exf5 exd5 26. Re7 Ba6 27. Rxa7 Bxc4 28. Bxc4 dxc4 29. Rxc4 Rf6 30. g4 b5 31. Re4 Rf7 32. Rxf7 Kxf7 33. Re5 Rc6 34. h4 b4 35. axb4 cxb4 36. Rb5 Rc4 37. f3 h5 38. g5 1/2-1/2

[Event "PRO League Atlantic"]
[Site "chess.com INT"]
[Date "2017.01.18"]
[Round "2"]
[White "Kleinman, Michael"]
[Black "Song, Michael"]
[Result "1-0"]
[WhiteElo "2289"]
[BlackElo "2415"]
[PlyCount "157"]
[GameId "2130307636750090"]
[EventDate "2017.01.11"]
[EventType "team"]
[EventRounds "7"]
[EventCountry "USA"]
[SourceTitle "The Week in Chess 1159"]
[Source "Mark Crowther"]
[SourceDate "2017.01.23"]
[SourceVersion "1"]
[SourceVersionDate "2017.01.23"]
[SourceQuality "2"]
[WhiteTeam "Montreal ChessBrahs"]
[BlackTeam "Toronto Dragons"]

1. e4 e5 2. Nf3 Nc6 3. Bb5 Nf6 4. d3 Bc5 5. O-O d6 6. Nbd2 O-O 7. c3 a6 8. Bxc6 bxc6 9. d4 exd4 10. cxd4 Bb6 11. h3 Re8 12. Re1 a5 13. Qc2 Bb7 14. Nc4 d5 15. Nxb6 cxb6 16. e5 Ne4 17. Bf4 c5 18. Rad1 c4 19. Re3 Qd7 20. Nd2 b5 21. Nf1 Qf5 22. Bh2 b4 23. g4 Qg6 24. f3 Ng5 25. Qg2 h5 26. f4 Ne4 27. f5 Qg5 28. Rf3 c3 29. Bf4 Qh4 30. bxc3 bxc3 31. Ne3 Ng5 32. Bxg5 Qxg5 33. f6 g6 34. h4 Qxh4 35. gxh5 g5 36. Rg3 Kh8 37. Rxg5 Rg8 38. Rg7 Qf4 39. Nc2 Qe4 40. Rf1 Qxg2+ 41. Rxg2 Rxg2+ 42. Kxg2 Ba6 43. Rf3 Rc8 44. Kf2 Kh7 45. Ke3 Kh6 46. Rh3 Bc4 47. a3 Ba2 48. Kd3 Bb1 49. Rh2 Rc4 50. Rh3 a4 51. Rh2 Rc8 52. Rh3 Ba2 53. Rh2 Bb3 54. Ne3 Rc7 55. Nf5+ Kh7 56. Ne3 Kh6 57. Nf5+ Kh7 58. Ne3 Rc6 59. Nc2 Ba2 60. Rh3 Bc4+ 61. Ke3 Bb3 62. Kd3 Bc4+ 63. Ke3 Rc7 64. Rh2 Bb3 65. Kd3 Ba2 66. Rh3 Bb1 67. Rh2 Ba2 68. Rh3 Bc4+ 69. Ke3 Rb7 70. Kf4 Rb3 71. e6 fxe6 72. Rg3 Rb7 73. Ke5 Kh6 74. Kxe6 Bb3 75. f7 Rb6+ 76. Ke7 Rb7+ 77. Kf6 Rb6+ 78. Ke5 Rb8 79. Rg8 1-0

[Event "PRO League Atlantic"]
[Site "chess.com INT"]
[Date "2017.01.18"]
[Round "2"]
[White "Song, Michael"]
[Black "Li Chao2"]
[Result "0-1"]
[WhiteElo "2415"]
[BlackElo "2720"]
[PlyCount "96"]
[GameId "2130307636754215"]
[EventDate "2017.01.11"]
[EventType "team"]
[EventRounds "7"]
[EventCountry "USA"]
[SourceTitle "The Week in Chess 1159"]
[Source "Mark Crowther"]
[SourceDate "2017.01.23"]
[SourceVersion "1"]
[SourceVersionDate "2017.01.23"]
[SourceQuality "2"]
[WhiteTeam "Toronto Dragons"]
[BlackTeam "Montreal ChessBrahs"]

1. e3 d5 2. d4 Nf6 3. c4 g6 4. Nc3 Bg7 5. Nf3 O-O 6. cxd5 Nxd5 7. Qb3 Nxc3 8. bxc3 c5 9. Be2 Nc6 10. O-O Qc7 11. Rb1 b6 12. Ba3 Na5 13. Qa4 Bf5 14. Rbc1 Rfd8 15. Rfd1 Bd7 16. Qc2 Be6 17. Nd2 Rac8 18. Ba6 cxd4 19. Bxc8 d3 20. Qb1 Bxc8 21. c4 a6 22. c5 b5 23. Bb2 e5 24. Ne4 Nc4 25. Rxd3 Rxd3 26. Qxd3 Nxb2 27. Qd6 Qxd6 28. Nxd6 Be6 29. c6 Bf8 30. Ne8 Bc8 31. Nf6+ Kg7 32. Ne8+ Kh6 33. Kf1 f5 34. Ke2 e4 35. Nf6 Nc4 36. Rd1 Bd6 37. Nd5 Kg7 38. f3 exf3+ 39. gxf3 Kf7 40. Nb6 Be6 41. Nd5 Bxd5 42. Rxd5 Ke6 43. e4 fxe4 44. fxe4 Ne5 45. h4 h5 46. Ke3 Nxc6 47. Rg5 Ne5 48. Rg2 Be7 0-1

[Event "Washington int."]
[Site "Rockville USA"]
[Date "2016.08.15"]
[Round "6"]
[White "Bregadze, Levan"]
[Black "Song, Michael"]
[Result "0-1"]
[WhiteElo "2465"]
[BlackElo "2373"]
[PlyCount "96"]
[GameId "2130307641776590"]
[EventDate "2016.08.13"]
[EventType "swiss"]
[EventRounds "9"]
[EventCountry "USA"]
[SourceTitle "Mega2016 Update 47"]
[Source "Chessbase"]
[SourceDate "2016.08.26"]
[SourceVersion "1"]
[SourceVersionDate "2016.08.26"]
[SourceQuality "1"]

1. Nf3 c5 2. e4 e6 3. Nc3 Nc6 4. Bb5 Nge7 5. O-O a6 6. Be2 d5 7. exd5 Nxd5 8. Nxd5 Qxd5 9. b3 Be7 10. Bb2 Bf6 11. Bxf6 gxf6 12. c3 Rg8 13. d4 cxd4 14. cxd4 b5 15. Rc1 Bb7 16. Rc5 Qd6 17. g3 Rd8 18. Qc2 Rg4 19. Qxh7 Nxd4 20. Nxd4 Rxd4 21. Bh5 Rd7 22. Rc3 e5 23. Qg7 Qd5 24. Bf3 Qxf3 25. Rxf3 Bxf3 26. Qxf6 e4 27. Qxa6 R7d5 28. Qa8+ Ke7 29. Qa3+ Kf6 30. Qb2 Ke6 31. b4 Rd1 32. Qb3 Kf5 33. a4 bxa4 34. Qxa4 Rxf1+ 35. Kxf1 Rd1+ 36. Qxd1 Bxd1 37. Ke1 Ba4 38. Kd2 Kg4 39. Ke3 f5 40. h4 Bc6 41. Kd4 f4 42. b5 Ba8 43. gxf4 Kxf4 44. h5 Kg5 45. Ke5 Kxh5 46. Kf5 Kh4 47. Kf4 Bb7 48. Ke3 Kg4 0-1

[Event "Washington int."]
[Site "Rockville USA"]
[Date "2016.08.17"]
[Round "9"]
[White "Song, Michael"]
[Black "Balakrishnan, Praveen"]
[Result "0-1"]
[WhiteElo "2373"]
[BlackElo "2394"]
[PlyCount "150"]
[GameId "2130307641776612"]
[EventDate "2016.08.13"]
[EventType "swiss"]
[EventRounds "9"]
[EventCountry "USA"]
[SourceTitle "Mega2016 Update 47"]
[Source "Chessbase"]
[SourceDate "2016.08.26"]
[SourceVersion "1"]
[SourceVersionDate "2016.08.26"]
[SourceQuality "1"]

1. d4 Nf6 2. c4 g6 3. Nc3 d5 4. Nf3 Bg7 5. h4 c6 6. cxd5 cxd5 7. Bf4 O-O 8. e3 Qb6 9. Qb3 Qxb3 10. axb3 Nc6 11. Ne5 Rd8 12. Bb5 Nxe5 13. Bxe5 Bd7 14. Bxd7 Rxd7 15. Na4 Rdd8 16. Nc5 b6 17. Nd3 Rdc8 18. Bxf6 Bxf6 19. Kd2 a5 20. h5 e6 21. hxg6 hxg6 22. b4 Be7 23. b5 Bd6 24. Rhc1 Kf8 25. b3 Ke8 26. Nb2 Be7 27. Na4 Bd8 28. Kd3 Kd7 29. f3 Rxc1 30. Rxc1 Rc8 31. Rh1 Bc7 32. e4 Bd8 33. Nc3 dxe4+ 34. fxe4 Bf6 35. Rh7 Ke8 36. e5 Be7 37. d5 exd5 38. Nxd5 Rc5 39. Ke4 Bd8 40. e6 fxe6 41. Nf4 Bf6 42. Kd3 Rxb5 43. Nxe6 Rxb3+ 44. Kc4 Re3 45. Nc7+ Kf8 46. Nd5 Re4+ 47. Kb5 Bd4 48. Nxb6 Bxb6 49. Kxb6 Rg4 50. Kxa5 Rxg2 51. Kb4 Rc2 52. Kb3 Re2 53. Kc4 Re7 54. Rh1 Rd7 55. Rg1 Kg7 56. Kc5 Rd8 57. Kc6 Rd3 58. Kc5 Kf6 59. Kc4 Rd8 60. Rf1+ Ke5 61. Rg1 Kf5 62. Rf1+ Ke4 63. Re1+ Kf3 64. Rg1 Rg8 65. Rg5 Kf4 66. Rd5 g5 67. Kd3 Re8 68. Kd2 g4 69. Rd7 Kf3 70. Kd1 g3 71. Kd2 Kf2 72. Rf7+ Kg1 73. Rg7 g2 74. Rg6 Re5 75. Rg8 Kf2 0-1

[Event "Cappelle op"]
[Site "Cappelle la Grande FRA"]
[Date "2016.02.15"]
[Round "3"]
[White "Madrigal, Mariano"]
[Black "Song, Michael"]
[Result "0-1"]
[WhiteElo "2180"]
[BlackElo "2376"]
[PlyCount "64"]
[GameId "2130307647845511"]
[EventDate "2016.02.13"]
[EventType "swiss"]
[EventRounds "9"]
[EventCountry "FRA"]
[SourceTitle "Mega2016 Update 21"]
[Source "Chessbase"]
[SourceDate "2016.02.26"]
[SourceVersion "1"]
[SourceVersionDate "2016.02.26"]
[SourceQuality "1"]

1. e4 c5 2. Nf3 e6 3. d4 cxd4 4. Nxd4 Nc6 5. Nc3 Qc7 6. Be3 a6 7. Qf3 Ne5 8. Qg3 d6 9. f4 Nd7 10. O-O-O Ngf6 11. f5 e5 12. Nb3 b5 13. Be2 Bb7 14. Bf3 Nb6 15. Bxb6 Qxb6 16. Nd5 Bxd5 17. exd5 g6 18. fxg6 hxg6 19. Rhe1 Bh6+ 20. Kb1 Kf8 21. Qh4 Kg7 22. Qb4 a5 23. Qc3 a4 24. Nc1 Rhc8 25. Qd3 a3 26. b3 b4 27. Ne2 Rc5 28. c4 bxc3 29. Nxc3 Qb4 30. Ne4 Nxe4 31. Rxe4 Rac8 32. Ree1 Qxe1 0-1

[Event "Cappelle op"]
[Site "Cappelle la Grande FRA"]
[Date "2016.02.15"]
[Round "4"]
[White "Song, Michael"]
[Black "Cappon, John"]
[Result "1/2-1/2"]
[WhiteElo "2376"]
[BlackElo "2204"]
[PlyCount "97"]
[GameId "2130307647849694"]
[EventDate "2016.02.13"]
[EventType "swiss"]
[EventRounds "9"]
[EventCountry "FRA"]
[SourceTitle "Mega2016 Update 21"]
[Source "Chessbase"]
[SourceDate "2016.02.26"]
[SourceVersion "1"]
[SourceVersionDate "2016.02.26"]
[SourceQuality "1"]

1. d4 f5 2. Bg5 g6 3. Nd2 Bg7 4. e4 fxe4 5. Nxe4 d5 6. Nc3 Nc6 7. Bb5 Qd6 8. Nge2 Bg4 9. f3 Be6 10. Bf4 Qd7 11. Be5 Nf6 12. Nf4 a6 13. Ba4 O-O 14. Nd3 b6 15. Qe2 Bf7 16. Bxc6 Qxc6 17. O-O Qd7 18. Rae1 Rfe8 19. g4 e6 20. Nd1 Rac8 21. N1f2 c5 22. h4 cxd4 23. h5 h6 24. hxg6 Bxg6 25. Nh3 Qf7 26. Nhf4 Bxd3 27. Nxd3 Nd7 28. Qh2 Qg6 29. Rf2 Nxe5 30. Nxe5 Bxe5 31. Rxe5 Rf8 32. Rh5 Kg7 33. Qe5+ Qf6 34. Qe2 b5 35. g5 hxg5 36. Rg2 Kf7 37. Rhxg5 Rg8 38. f4 Rxg5 39. fxg5 Qg6 40. Rf2+ Ke7 41. Qd2 Rg8 42. Rg2 Qe4 43. c3 dxc3 44. Qxc3 Kd6 45. Qg3+ Qe5 46. Qf2 Rxg5 47. Qf8+ Kd7 48. Qf7+ Kd6 49. Qf8+ 1/2-1/2